Statistics for contries that border china

Click here to take the quiz!

General Stats

  • This quiz has been taken 555 times
  • The average score is 10 of 14

Answer Stats

HintAnswer% Correct
russia
94%
mongolia
92%
india
87%
north korea
85%
nepal
80%
vietnam
76%
laos
73%
pakistan
72%
bhutan
69%
afghanistan
61%
myanmar
61%
tajikistan
58%
kyrgyzstan
44%
kazakstan
27%

Score Distribution

Percentile by Number Answered

Percent of People with Each Score

Your Score History

You have not taken this quiz